000 00643nam a22002292a 4500
001 19559
003 BD-RjUL
005 20211209000441.0
008 140225s1968 enk 000 1 eng d
035 _a(BD-RjUL)19619
_aOCLC ocm09162526 from D960425M
040 _aDLC
_cSOI
_dSOI
_dUKM
_dEQO
_dBD-RjUL
_beng
041 _aeng
082 0 0 _221
_a813
_bMAC 1968
100 1 _aMarshall, Catherine,
_d1914-1983
_960087
245 1 0 _aChristy /
_c Catherine Marshall.
260 _aLondon :
_bAn avon book,
_c1968.
300 _ax, 501 p. ;
_c19 cm
650 0 _aChristy
_960088
942 _2ddc
_cBK
999 _c19559
_d19559